Statystyki dla 15 najbardziej dotkniętych krajów Covid-19 - 5 stycznia 2022

Kliknij tutaj aby rozwiązać quiz!

Ogólne statystyki

  • Ten quiz został rozwiązany 41 razy
  • Średni wynik to 13 z 27

Statystyki odpowiedzi

kraj% Poprawnych
Polska
97%
Niemcy
88%
Rosja
88%
Stany Zjednoczone
88%
Francja
78%
Hiszpania
75%
Włochy
72%
Brazylia
63%
Wielka Brytania
63%
Indie
59%
Argentyna
47%
Czechy
47%
Turcja
47%
Iran
44%
Belgia
38%
Holandia
34%
Słowacja
34%
Chorwacja
28%
Irlandia
28%
Szwajcaria
28%
Indonezja
25%
Litwa
25%
Kolumbia
22%
Słowenia
22%
Estonia
19%
Bahrajn
3%
Gruzja
3%

Rozkład punktacji

Percentyl według liczby udzielonych odpowiedzi

Procent ludzi z każdym wynikiem

Twoja historia wyników

Nie rozwiązałeś tego quizu